| 000 | 01268cam a2200289 4500 | ||
|---|---|---|---|
| 999 |
_c102712 _d102712 |
||
| 008 | 011012n2003 000 0 eng u | ||
| 020 | _a0421788208 | ||
| 035 | _a(Sirsi) u121688 | ||
| 041 | _aeng | ||
| 050 | _a346.41066 | ||
| 100 | _aDavies, Paul L. | ||
| 245 | _aGower and Davies' principles of modern company law | ||
| 250 | _a7th ed. | ||
| 260 |
_aLondon _bSweet and Maxwell _c2003 |
||
| 300 |
_alxxviii, 897p. _c24cm. |
||
| 350 | _a30 | ||
| 520 | _aExplains the key principles and operation of English company law. Covers separate personality and limited liability, corporate governance, shareholders, public information about a company, equity finance, and debt finance. This seventh edition integrates the reform process towards a new Companies Act and takes into account key legislation since 1997 such as the Limited Liability Partnership Act 2000, the Insolvency Act 2000 and the Enterprise Act 2002. Includes tables of cases, UK legislation and EC material. | ||
| 650 | _aBUSINESS LAW | ||
| 650 | _aCOMPANY LAW | ||
| 650 | _aCORPORATE GOVERNANCE | ||
| 650 | _aLIMITED LIABILITY | ||
| 650 | _aCOMPANY INFORMATION | ||
| 650 | _aEQUITY FINANCE | ||
| 650 | _aDEBT FINANCE | ||
| 690 | _aMANAGEMENT-BUSINESS MANAGEMENT | ||
| 942 |
_n0 _2ddc |
||